000 00327nam a22001457a 4500
008 240318b ||||| |||| 00| 0 eng d
020 _a0226100715
041 _aeng
080 _a61
082 _a61CHA
100 _a5
101 _aMJEKSI E PERGJITHSHME
245 _aBEYOND CARING
_cDANIEL .F.CHAMBLISS
942 _2udc
_cBK
999 _c60619
_d60619